Statistics for US presidents who did not win the popular vote

Click here to take the quiz!

General Stats

  • This quiz has been taken 63 times
  • The average score is 3 of 5

Answer Stats

%President% Correct
46.09Donald Trump
98%
47.87George W. Bush
91%
30.92John Quincy Adams
63%
47.92Rutherford B. Hayes
49%
47.80Benjamin Harrison
40%

Score Distribution

Percentile by Number Answered

Percent of People with Each Score

Your Score History

You have not taken this quiz